<?xml version="1.0" encoding="UTF-8"?>
<record
    xmlns:xsi="http://www.w3.org/2001/XMLSchema-instance"
    xsi:schemaLocation="http://www.loc.gov/MARC21/slim http://www.loc.gov/standards/marcxml/schema/MARC21slim.xsd"
    xmlns="http://www.loc.gov/MARC21/slim">

  <leader>01283cam a2200313 a 4500</leader>
  <controlfield tag="001">691346</controlfield>
  <controlfield tag="003">GBCCL</controlfield>
  <controlfield tag="005">20241126110353.0</controlfield>
  <controlfield tag="008">960724s1996    miuab    b    001 0 eng  </controlfield>
  <datafield tag="010" ind1=" " ind2=" ">
    <subfield code="a">   96032558 </subfield>
  </datafield>
  <datafield tag="020" ind1=" " ind2=" ">
    <subfield code="a">0310208122 (alk. paper)</subfield>
  </datafield>
  <datafield tag="020" ind1=" " ind2=" ">
    <subfield code="a">9780310208129</subfield>
  </datafield>
  <datafield tag="040" ind1=" " ind2=" ">
    <subfield code="a">DLC</subfield>
    <subfield code="c">DLC</subfield>
    <subfield code="d">DLC</subfield>
  </datafield>
  <datafield tag="050" ind1="0" ind2="0">
    <subfield code="a">BR145.2</subfield>
    <subfield code="b">.C28 1996</subfield>
  </datafield>
  <datafield tag="082" ind1="0" ind2="0">
    <subfield code="a">270</subfield>
    <subfield code="2">20</subfield>
    <subfield code="b">CAI</subfield>
  </datafield>
  <datafield tag="100" ind1="1" ind2=" ">
    <subfield code="a">Cairns, Earle Edwin,</subfield>
    <subfield code="d">1910-</subfield>
    <subfield code="9">1932</subfield>
  </datafield>
  <datafield tag="245" ind1="1" ind2="0">
    <subfield code="a">Christianity through the centuries :</subfield>
    <subfield code="b">a history of the Christian church /</subfield>
    <subfield code="c">Earle E. Cairns.</subfield>
  </datafield>
  <datafield tag="250" ind1=" " ind2=" ">
    <subfield code="a">3rd ed., rev. and expanded.</subfield>
  </datafield>
  <datafield tag="260" ind1=" " ind2=" ">
    <subfield code="a">Grand Rapids, Mich. :</subfield>
    <subfield code="b">Zondervan Pub.,</subfield>
    <subfield code="c">c1996.</subfield>
  </datafield>
  <datafield tag="300" ind1=" " ind2=" ">
    <subfield code="a">560 p. :</subfield>
    <subfield code="b">ill., maps ;</subfield>
    <subfield code="c">25 cm.</subfield>
  </datafield>
  <datafield tag="504" ind1=" " ind2=" ">
    <subfield code="a">Includes bibliographical references and index.</subfield>
  </datafield>
  <datafield tag="650" ind1=" " ind2="0">
    <subfield code="a">Church history.</subfield>
    <subfield code="9">117</subfield>
  </datafield>
  <datafield tag="856" ind1="4" ind2="2">
    <subfield code="3">Publisher description</subfield>
    <subfield code="u">http://www.loc.gov/catdir/enhancements/fy0633/96032558-d.html</subfield>
  </datafield>
  <datafield tag="856" ind1="4" ind2="1">
    <subfield code="3">Table of contents only</subfield>
    <subfield code="u">http://www.loc.gov/catdir/enhancements/fy0633/96032558-t.html</subfield>
  </datafield>
  <datafield tag="856" ind1="4" ind2="1">
    <subfield code="3">Sample text</subfield>
    <subfield code="u">http://www.loc.gov/catdir/enhancements/fy0642/96032558-s.html</subfield>
  </datafield>
  <datafield tag="906" ind1=" " ind2=" ">
    <subfield code="a">7</subfield>
    <subfield code="b">cbc</subfield>
    <subfield code="c">orignew</subfield>
    <subfield code="d">1</subfield>
    <subfield code="e">ocip</subfield>
    <subfield code="f">19</subfield>
    <subfield code="g">y-gencatlg</subfield>
  </datafield>
  <datafield tag="942" ind1=" " ind2=" ">
    <subfield code="2">ddc</subfield>
    <subfield code="c">BK</subfield>
    <subfield code="0">150</subfield>
  </datafield>
  <datafield tag="999" ind1=" " ind2=" ">
    <subfield code="c">1086</subfield>
    <subfield code="d">1086</subfield>
  </datafield>
  <datafield tag="952" ind1=" " ind2=" ">
    <subfield code="0">0</subfield>
    <subfield code="1">0</subfield>
    <subfield code="2">ddc</subfield>
    <subfield code="4">0</subfield>
    <subfield code="7">0</subfield>
    <subfield code="a">GBC</subfield>
    <subfield code="b">GBC</subfield>
    <subfield code="c">CH</subfield>
    <subfield code="d">2017-04-12</subfield>
    <subfield code="l">40</subfield>
    <subfield code="m">8</subfield>
    <subfield code="o">270 CAI</subfield>
    <subfield code="p">014273</subfield>
    <subfield code="r">2026-03-16 11:19:59</subfield>
    <subfield code="s">2026-03-09</subfield>
    <subfield code="t">c.1</subfield>
    <subfield code="w">2017-04-12</subfield>
    <subfield code="y">BK</subfield>
  </datafield>
  <datafield tag="952" ind1=" " ind2=" ">
    <subfield code="0">0</subfield>
    <subfield code="1">0</subfield>
    <subfield code="2">ddc</subfield>
    <subfield code="4">0</subfield>
    <subfield code="7">0</subfield>
    <subfield code="a">GBC</subfield>
    <subfield code="b">GBC</subfield>
    <subfield code="c">CH</subfield>
    <subfield code="d">2017-04-12</subfield>
    <subfield code="l">27</subfield>
    <subfield code="m">3</subfield>
    <subfield code="o">270 CAI</subfield>
    <subfield code="p">014274</subfield>
    <subfield code="r">2025-09-29 11:22:26</subfield>
    <subfield code="s">2025-09-19</subfield>
    <subfield code="t">c.2</subfield>
    <subfield code="w">2017-04-12</subfield>
    <subfield code="y">BK</subfield>
  </datafield>
  <datafield tag="952" ind1=" " ind2=" ">
    <subfield code="0">0</subfield>
    <subfield code="1">0</subfield>
    <subfield code="2">ddc</subfield>
    <subfield code="4">0</subfield>
    <subfield code="7">0</subfield>
    <subfield code="a">GBC</subfield>
    <subfield code="b">GBC</subfield>
    <subfield code="c">CH</subfield>
    <subfield code="d">2017-04-27</subfield>
    <subfield code="g">1098.50</subfield>
    <subfield code="l">26</subfield>
    <subfield code="m">2</subfield>
    <subfield code="o">270 CAI</subfield>
    <subfield code="p">014312</subfield>
    <subfield code="r">2026-02-09 18:56:02</subfield>
    <subfield code="s">2026-01-29</subfield>
    <subfield code="t">c.3</subfield>
    <subfield code="w">2017-04-27</subfield>
    <subfield code="y">BK</subfield>
  </datafield>
  <datafield tag="952" ind1=" " ind2=" ">
    <subfield code="0">0</subfield>
    <subfield code="1">0</subfield>
    <subfield code="2">ddc</subfield>
    <subfield code="4">0</subfield>
    <subfield code="7">0</subfield>
    <subfield code="a">GBC</subfield>
    <subfield code="b">GBC</subfield>
    <subfield code="c">CH</subfield>
    <subfield code="d">2019-11-12</subfield>
    <subfield code="e">18</subfield>
    <subfield code="g">731.00</subfield>
    <subfield code="l">21</subfield>
    <subfield code="m">1</subfield>
    <subfield code="o">270 CAI</subfield>
    <subfield code="p">013720</subfield>
    <subfield code="r">2026-01-30 12:02:25</subfield>
    <subfield code="s">2026-01-27</subfield>
    <subfield code="t">c.4</subfield>
    <subfield code="v">850.00</subfield>
    <subfield code="w">2019-11-12</subfield>
    <subfield code="y">BK</subfield>
  </datafield>
  <datafield tag="952" ind1=" " ind2=" ">
    <subfield code="0">0</subfield>
    <subfield code="1">0</subfield>
    <subfield code="2">ddc</subfield>
    <subfield code="4">0</subfield>
    <subfield code="7">0</subfield>
    <subfield code="a">GBC</subfield>
    <subfield code="b">GBC</subfield>
    <subfield code="c">CH</subfield>
    <subfield code="d">2021-11-15</subfield>
    <subfield code="l">13</subfield>
    <subfield code="m">3</subfield>
    <subfield code="o">270 CAI</subfield>
    <subfield code="p">015291</subfield>
    <subfield code="q">2026-05-07</subfield>
    <subfield code="r">2026-03-26 14:34:32</subfield>
    <subfield code="s">2026-03-26</subfield>
    <subfield code="t">c.5</subfield>
    <subfield code="w">2021-11-15</subfield>
    <subfield code="y">BK</subfield>
  </datafield>
  <datafield tag="952" ind1=" " ind2=" ">
    <subfield code="0">0</subfield>
    <subfield code="1">0</subfield>
    <subfield code="2">ddc</subfield>
    <subfield code="4">0</subfield>
    <subfield code="7">0</subfield>
    <subfield code="a">GBC</subfield>
    <subfield code="b">GBC</subfield>
    <subfield code="c">CH</subfield>
    <subfield code="d">2021-12-16</subfield>
    <subfield code="l">14</subfield>
    <subfield code="m">1</subfield>
    <subfield code="o">270 CAI</subfield>
    <subfield code="p">015303</subfield>
    <subfield code="r">2025-09-26 21:32:24</subfield>
    <subfield code="s">2025-09-22</subfield>
    <subfield code="t">c.6</subfield>
    <subfield code="w">2021-12-16</subfield>
    <subfield code="y">BK</subfield>
  </datafield>
  <datafield tag="952" ind1=" " ind2=" ">
    <subfield code="0">0</subfield>
    <subfield code="1">0</subfield>
    <subfield code="2">ddc</subfield>
    <subfield code="4">0</subfield>
    <subfield code="7">0</subfield>
    <subfield code="a">GBC</subfield>
    <subfield code="b">GBC</subfield>
    <subfield code="c">CH</subfield>
    <subfield code="d">2021-12-16</subfield>
    <subfield code="l">25</subfield>
    <subfield code="m">4</subfield>
    <subfield code="o">270 CAI</subfield>
    <subfield code="p">015304</subfield>
    <subfield code="r">2026-02-02 10:32:06</subfield>
    <subfield code="s">2026-01-30</subfield>
    <subfield code="t">c.7</subfield>
    <subfield code="w">2021-12-16</subfield>
    <subfield code="y">BK</subfield>
  </datafield>
  <datafield tag="952" ind1=" " ind2=" ">
    <subfield code="0">0</subfield>
    <subfield code="1">0</subfield>
    <subfield code="2">ddc</subfield>
    <subfield code="4">0</subfield>
    <subfield code="7">0</subfield>
    <subfield code="a">GBC</subfield>
    <subfield code="b">GBC</subfield>
    <subfield code="c">CH</subfield>
    <subfield code="d">2021-12-16</subfield>
    <subfield code="l">22</subfield>
    <subfield code="m">7</subfield>
    <subfield code="o">270 CAI</subfield>
    <subfield code="p">015305</subfield>
    <subfield code="r">2026-02-12 14:57:26</subfield>
    <subfield code="s">2026-02-02</subfield>
    <subfield code="t">c.8</subfield>
    <subfield code="w">2021-12-16</subfield>
    <subfield code="y">BK</subfield>
  </datafield>
  <datafield tag="952" ind1=" " ind2=" ">
    <subfield code="0">0</subfield>
    <subfield code="1">0</subfield>
    <subfield code="2">ddc</subfield>
    <subfield code="4">0</subfield>
    <subfield code="7">0</subfield>
    <subfield code="a">GBC</subfield>
    <subfield code="b">GBC</subfield>
    <subfield code="c">CH</subfield>
    <subfield code="d">2021-12-16</subfield>
    <subfield code="l">20</subfield>
    <subfield code="m">2</subfield>
    <subfield code="o">270 CAI</subfield>
    <subfield code="p">015306</subfield>
    <subfield code="r">2026-03-13 13:29:29</subfield>
    <subfield code="s">2026-03-06</subfield>
    <subfield code="t">c.9</subfield>
    <subfield code="w">2021-12-16</subfield>
    <subfield code="y">BK</subfield>
  </datafield>
</record>
